<?xml version="1.0" encoding="UTF-8"?>
<record
    xmlns:xsi="http://www.w3.org/2001/XMLSchema-instance"
    xsi:schemaLocation="http://www.loc.gov/MARC21/slim http://www.loc.gov/standards/marcxml/schema/MARC21slim.xsd"
    xmlns="http://www.loc.gov/MARC21/slim">

  <leader>00766cam a2200217   4500</leader>
  <controlfield tag="001">BFD002001</controlfield>
  <controlfield tag="008">      t1990    mx                  spa  </controlfield>
  <datafield tag="020" ind1=" " ind2=" ">
    <subfield code="a">9683617336</subfield>
  </datafield>
  <datafield tag="035" ind1=" " ind2=" ">
    <subfield code="a">a486618</subfield>
  </datafield>
  <datafield tag="050" ind1="0" ind2="4">
    <subfield code="a">KGF292 </subfield>
    <subfield code="b">S62 1990</subfield>
  </datafield>
  <datafield tag="100" ind1="1" ind2=" ">
    <subfield code="a">Soberanes Fern&#xE1;ndez, Jos&#xE9; Luis</subfield>
  </datafield>
  <datafield tag="110" ind1="1" ind2=" ">
    <subfield code="a">Universidad Aut&#xF3;noma de M&#xE9;xico, Instituto de Investigaciones Jur&#xED;dicas.</subfield>
  </datafield>
  <datafield tag="245" ind1="1" ind2="0">
    <subfield code="a">Historia del Sistema Jur&#xED;dico Mexicano / </subfield>
    <subfield code="c">Jos&#xE9; Luis Soberanes Fern&#xE1;ndez.</subfield>
  </datafield>
  <datafield tag="260" ind1=" " ind2=" ">
    <subfield code="a">M&#xE9;xico :</subfield>
    <subfield code="b">UNAM,</subfield>
    <subfield code="c">c1990</subfield>
  </datafield>
  <datafield tag="300" ind1=" " ind2=" ">
    <subfield code="a">85 p. ;</subfield>
    <subfield code="c">23 cm.</subfield>
  </datafield>
  <datafield tag="440" ind1=" " ind2=" ">
    <subfield code="a">Serie A: Fuentes, b)Textos y Estudios Legislativos, n&#xFA;m. 62.</subfield>
  </datafield>
  <datafield tag="504" ind1=" " ind2=" ">
    <subfield code="a">Incluye bibliograf&#xED;a</subfield>
  </datafield>
  <datafield tag="650" ind1=" " ind2="7">
    <subfield code="a">Derecho</subfield>
    <subfield code="x">Historia</subfield>
    <subfield code="x">M&#xE9;xico </subfield>
    <subfield code="2">Lemb</subfield>
  </datafield>
  <datafield tag="651" ind1=" " ind2="4">
    <subfield code="a">M&#xE9;xico </subfield>
    <subfield code="x">Sistema Jur&#xED;dico </subfield>
    <subfield code="x">Historia</subfield>
  </datafield>
  <datafield tag="942" ind1=" " ind2=" ">
    <subfield code="2">lcc</subfield>
    <subfield code="c">LIB</subfield>
  </datafield>
  <datafield tag="999" ind1=" " ind2=" ">
    <subfield code="c">69649</subfield>
    <subfield code="d">69649</subfield>
  </datafield>
  <datafield tag="952" ind1=" " ind2=" ">
    <subfield code="1">0</subfield>
    <subfield code="2">lcc</subfield>
    <subfield code="4">0</subfield>
    <subfield code="7">0</subfield>
    <subfield code="a">BACH-004</subfield>
    <subfield code="b">BACH-004</subfield>
    <subfield code="c">GENERAL</subfield>
    <subfield code="d">2015-09-07</subfield>
    <subfield code="f">1a. ed.</subfield>
    <subfield code="k">CSA</subfield>
    <subfield code="o">KGC65 S6 1990</subfield>
    <subfield code="p">PPO000001313</subfield>
    <subfield code="r">2015-09-07 00:00:00</subfield>
    <subfield code="t">C:1</subfield>
    <subfield code="y">LIB</subfield>
  </datafield>
</record>
